| 000 | 00922nam a22002537a 4500 | ||
|---|---|---|---|
| 999 |
_c17453 _d17453 |
||
| 003 | AR-CdUCM | ||
| 008 | 190508b ||||| |||| 00| 0 spa d | ||
| 040 |
_aMUNICIPALIDAD PROVINCIAL DEL CUSCO _cBIBLIOTECA MUNICIPAL DEL CUSCO |
||
| 082 |
_22ed. _a858.913 / _bP61 |
||
| 100 |
_aPirandello, Luigi _912215 |
||
| 245 | _aObras escogidas / | ||
| 260 |
_aMadrid : _bAguilar, _c1971. |
||
| 300 |
_a1328 paginas ; _c19 cm. |
||
| 440 |
_aBiblioteca premios Nobel _9447 |
||
| 505 | _aContenido : t.1 : Así es si así os parece -- Cada cual a su manera -- Piénsalo Santiaguito -- El placer de ser honrado -- El hombre, la bestia y la virtud... | ||
| 650 |
_aCuentos _9217 |
||
| 650 |
_aNovela europea _936923 |
||
| 650 |
_aNovela italina _937477 |
||
| 650 |
_aTeatro _9173 |
||
| 650 |
_aObras escogidas _937478 |
||
| 700 |
_aLázaro Ros, Amando (Traducción) _937479 |
||
| 942 |
_2ddc _cLIBROS |
||
| 945 |
_awnts _d2019-05-08 |
||